[Event "Qatar Masters Open 2024"]
[Site "Doha QAT"]
[Date "2024.12.12"]
[Round "9.22"]
[White "Abdurakhmonov, Mukhammadali"]
[Black "Adhiban, Baskaran"]
[Result "1/2-1/2"]
[WhiteTitle "IM"]
[BlackTitle "GM"]
[WhiteElo "2395"]
[BlackElo "2535"]
[WhiteFideId "14207346"]
[BlackFideId "5018471"]
[EventDate "2024.12.03"]

1. d4 Nf6 2. Nf3 e6 3. c4 b6 4. g3 Bb7 5. Bg2 Be7 6. O-O O-O 7. Re1 a5 8. Qc2
Na6 9. Nc3 d5 10. cxd5 exd5 11. Bg5 Ne4 12. Bxe7 Qxe7 13. Qb3 Rad8 14. Rac1 Rfe8
15. a3 Rd6 16. e3 c5 17. Ne5 c4 18. Qc2 Nxc3 19. bxc3 f6 20. Nf3 b5 21. Rb1 Bc6
22. h4 g6 23. h5 Kg7 24. Nh4 f5 25. Bh3 Rf6 26. Ra1 Nb8 27. f4 Re6 28. hxg6 hxg6
29. Bxf5 Rxe3 30. Ng2 Rxe1+ 31. Rxe1 Qf6 32. Rxe8 Bxe8 33. Bg4 b4 34. axb4 axb4
35. Ne3 b3 36. Qb2 Qa6 37. Qe2 Bf7 38. Nd1 Qf6 39. Qe3 Na6 40. Bf3 Nc7 41. Kf2
Kf8 42. Ke1 Qb6 43. Qe2 Qa5 44. g4 Qa2 45. g5 Qa3 46. Bg4 Qe7 47. Kd2 Qxe2+ 48.
Bxe2 Ne6 49. Ke3 Ng7 50. Kd2 Ne6 51. Ke3 Ke7 52. Bg4 Ng7 53. Kd2 Be6 54. Bf3 Nh5
55. f5 Bxf5 56. Bxd5 Be6 57. Bxe6 Kxe6 58. Ne3 Ng3 59. Nxc4 Ne4+ 60. Kd3 Nxg5
61. Nd2 b2 62. Kc2 1/2-1/2

[Event "Qatar Masters Open 2024"]
[Site "Doha QAT"]
[Date "2024.12.12"]
[Round "9.23"]
[White "Aitbayev, Aslan"]
[Black "Harutyunyan, Tigran K."]
[Result "1/2-1/2"]
[WhiteTitle "IM"]
[BlackTitle "GM"]
[WhiteElo "2369"]
[BlackElo "2524"]
[WhiteFideId "13704613"]
[BlackFideId "13303635"]
[EventDate "2024.12.03"]

1. e4 c5 2. Nf3 e6 3. g3 Nc6 4. Bg2 Nf6 5. Qe2 e5 6. O-O Be7 7. c3 O-O 8. Na3
Re8 9. d3 h6 10. Nc4 Bf8 11. Ne3 d5 12. exd5 Nxd5 13. Nxd5 Qxd5 14. Nd2 Qd8 15.
Nc4 Bf5 16. Be4 Qd7 17. a4 Rad8 18. a5 Bh3 19. Re1 f5 20. Bh1 a6 21. Ne3 f4 22.
Nc4 Bg4 23. Qc2 Bf5 24. Be4 Bxe4 25. dxe4 Qg4 26. Kg2 f3+ 27. Kh1 Nb8 28. Ne3
Qe6 29. Nd5 Qh3 30. Rg1 Rxd5 31. exd5 e4 32. Ra4 Re5 33. g4 Nd7 34. Rxe4 Rxd5
35. Rf4 Bd6 36. Qe4 Nf6 37. Qxf3 Qh4 38. h3 Bxf4 39. Bxf4 c4 40. Kg2 Rd3 41. Be3
Nd5 42. Re1 Qe7 43. Re2 Qe6 44. Bc1 Qc6 45. Qe4 Rd1 46. Be3 Ra1 47. Kh2 Nxe3 48.
Rxe3 Rxa5 49. Qxc6 bxc6 50. Re6 Rc5 51. Kg3 Kf7 52. Re4 a5 53. Kf3 Rb5 54. Rxc4
Rxb2 55. Rxc6 a4 56. Ra6 Rc2 57. Rxa4 Rxc3+ 58. Kg2 g5 59. Ra5 Kg6 60. f3 Rc1
61. h4 gxh4 62. Rh5 Rc2+ 63. Kh3 Rf2 64. Rf5 h5 1/2-1/2

[Event "Qatar Masters Open 2024"]
[Site "Doha QAT"]
[Date "2024.12.12"]
[Round "9.24"]
[White "Raja, Rithvik R"]
[Black "Shyaam Nikhil P"]
[Result "1/2-1/2"]
[WhiteTitle "GM"]
[BlackTitle "GM"]
[WhiteElo "2521"]
[BlackElo "2445"]
[WhiteFideId "35007394"]
[BlackFideId "5024218"]
[EventDate "2024.12.03"]

1. Nf3 Nf6 2. c4 b6 3. g3 Bb7 4. Bg2 g6 5. O-O Bg7 6. d4 O-O 7. d5 Ne4 8. Qc2 f5
9. Bf4 c6 10. Nfd2 cxd5 11. cxd5 Bxd5 12. Nxe4 Bxe4 13. Bxe4 fxe4 14. Qxe4 Nc6
15. Nc3 Bxc3 16. Qc4+ e6 17. Qxc3 Qf6 18. Qxf6 Rxf6 19. Rfd1 d5 20. Bg5 Rf7 21.
Rac1 Ne5 22. Bf4 Nd7 23. Bd6 g5 24. g4 Kg7 25. f3 Nf8 26. Rc6 Ng6 27. Rdc1 Rd8
28. Bg3 Re7 29. Kf2 e5 30. Rc7 Rdd7 31. Rxd7 Rxd7 32. Ke3 Kf7 33. Rc6 Ke7 34.
Kd3 Rd6 35. Rc8 Rd8 36. Rc7+ Rd7 37. Rc6 Rd6 38. Rc7+ Rd7 39. Rc6 Rd6 40. Rc8
Rd8 1/2-1/2

[Event "Qatar Masters Open 2024"]
[Site "Doha QAT"]
[Date "2024.12.12"]
[Round "9.25"]
[White "Xu, Zhihang"]
[Black "Nazari, Arad"]
[Result "1/2-1/2"]
[WhiteTitle "IM"]
[BlackTitle "IM"]
[WhiteElo "2511"]
[BlackElo "2401"]
[WhiteFideId "8611572"]
[BlackFideId "12577324"]
[EventDate "2024.12.03"]

1. d4 Nf6 2. Nf3 g6 3. g3 Bg7 4. Bg2 d5 5. O-O O-O 6. c4 c6 7. cxd5 cxd5 8. Nc3
Nc6 9. Ne5 Bf5 10. Nxc6 bxc6 11. Bf4 Nd7 12. Rc1 Rc8 13. Na4 Re8 14. b3 h5 15.
Qd2 Bf6 16. Nc5 Qb6 17. b4 Ra8 18. Nxd7 Bxd7 19. Rc5 h4 20. a3 Kg7 21. h3 hxg3
22. fxg3 Kg8 23. h4 Bg4 24. Rfc1 Qa6 25. e3 Qxa3 26. Rxc6 Rad8 27. Qc3 Qxc3 28.
R1xc3 Be2 29. Kf2 Bc4 30. Ra3 e5 31. Rxf6 exf4 32. gxf4 Re7 1/2-1/2

[Event "Qatar Masters Open 2024"]
[Site "Doha QAT"]
[Date "2024.12.12"]
[Round "9.26"]
[White "Saydaliev, Saidakbar"]
[Black "Omonov, Asrorjon"]
[Result "0-1"]
[WhiteTitle "IM"]
[BlackTitle "FM"]
[WhiteElo "2473"]
[BlackElo "2360"]
[WhiteFideId "14203693"]
[BlackFideId "14212552"]
[EventDate "2024.12.03"]

1. Nf3 Nf6 2. c4 e6 3. g3 d5 4. Bg2 dxc4 5. O-O Bd6 6. Na3 Bxa3 7. bxa3 O-O 8.
Qc2 Nbd7 9. Bb2 Re8 10. Rac1 c6 11. Qxc4 e5 12. d3 h6 13. Qc2 Qc7 14. e4 Nf8 15.
d4 exd4 16. Nxd4 Be6 17. Kh1 Qa5 18. f4 Rad8 19. e5 Ng4 20. Rce1 h5 21. h3 Nh6
22. Nxe6 fxe6 23. Qb3 Qb6 24. Qc3 Nf5 25. g4 hxg4 26. hxg4 Nh6 27. Bh3 Rd5 28.
Bc1 Red8 29. Be3 Qb5 30. Qc2 Rd3 31. a4 Qa5 32. Kg1 Rc3 33. Qe4 Rdd3 34. f5 Nf7
35. fxe6 Nxe6 36. Qg6 Qc7 37. Qxe6 Rxe3 38. Rxe3 Rxe3 39. Qe8+ Kh7 40. Rxf7 Qb6
41. Kg2 Re2+ 42. Kh1 Qb1+ 0-1

[Event "Qatar Masters Open 2024"]
[Site "Doha QAT"]
[Date "2024.12.12"]
[Round "9.27"]
[White "Goutham Krishna H"]
[Black "Ashraf, Artin"]
[Result "1/2-1/2"]
[WhiteTitle "IM"]
[BlackTitle "FM"]
[WhiteElo "2466"]
[BlackElo "2388"]
[WhiteFideId "25983504"]
[BlackFideId "22514805"]
[EventDate "2024.12.03"]

1. Nf3 Nf6 2. c4 g6 3. Nc3 Bg7 4. d4 O-O 5. e4 d6 6. Be3 e5 7. d5 Ng4 8. Bg5 f6
9. Bh4 Qe8 10. h3 Nh6 11. Nd2 a5 12. Bd3 Na6 13. f3 f5 14. Qe2 Bd7 15. a3 Kh8
16. g4 Nc5 17. Bc2 Ng8 18. O-O-O Ne7 19. Nb3 b6 20. Nb5 Na6 21. Nd2 Ng8 22. Nb1
fxe4 23. Bxe4 Bh6+ 24. Kc2 Bxb5 25. cxb5 Nc5 26. Nc3 a4 27. Rhf1 Bf4 28. Bf2 Nf6
29. Qc4 Nfd7 30. Ne2 Qe7 31. Kb1 Rf7 32. Bc2 Raf8 33. Qc3 Bg5 34. Bg1 Kg8 35.
Ng3 Ra8 36. Ne4 Nxe4 37. fxe4 Nc5 38. Qc4 Raf8 39. Qe2 Rxf1 40. Rxf1 Rxf1+ 41.
Qxf1 Qf7 1/2-1/2

[Event "Qatar Masters Open 2024"]
[Site "Doha QAT"]
[Date "2024.12.12"]
[Round "9.28"]
[White "Garifullina, Leya"]
[Black "Nandhidhaa, P V"]
[Result "1/2-1/2"]
[WhiteTitle "IM"]
[BlackTitle "WGM"]
[WhiteElo "2451"]
[BlackElo "2339"]
[WhiteFideId "34127035"]
[BlackFideId "5050847"]
[EventDate "2024.12.03"]

1. e4 c5 2. Nf3 e6 3. d4 cxd4 4. Nxd4 Nc6 5. Nc3 Qc7 6. Be3 a6 7. Qf3 h5 8. Qg3
d6 9. O-O-O Nf6 10. f4 Bd7 11. Bd3 b5 12. Rhf1 Nxd4 13. Bxd4 b4 14. Ne2 h4 15.
Qe1 e5 16. Bf2 a5 17. Kb1 Ng4 18. h3 Nxf2 19. Qxf2 f6 20. c4 Qa7 21. Qf3 Be7 22.
f5 Bc6 23. g3 hxg3 24. Nxg3 O-O-O 25. Qg4 Bf8 26. h4 Qc5 27. Be2 Kb8 28. h5 Rc8
29. Qf3 Bb7 30. Rh1 Be7 31. Qd3 Qc6 32. Rh4 Rhd8 33. Rg4 Bf8 34. Rg6 Rd7 35. h6
gxh6 36. Rxf6 Rg7 37. Rg6 Rcc7 38. Rf1 a4 39. Nh5 Rgf7 40. Nf6 Qc5 41. Nd5 Bxd5
42. Qxd5 Qe3 43. Qd3 Qxd3+ 44. Bxd3 Kb7 45. f6 h5 46. Be2 Rh7 47. Rh1 h4 48. Bg4
Rh8 49. Be6 Rch7 50. f7 h3 51. Rh2 Kc7 52. Kc2 Kd8 53. Rg8 Ke7 54. Bd5 Rh6 55.
a3 bxa3 56. bxa3 R8h7 57. Rg3 Rh4 58. Kd3 Bg7 59. c5 dxc5 60. Kc4 Bf8 61. Kxc5
Bh6 62. Rgxh3 Be3+ 63. Rxe3 Rxh2 64. Rf3 Rh8 65. Rf5 Rc2+ 66. Kb6 Rb8+ 67. Ka6
Rc3 68. Rxe5+ Kf8 69. Rg5 Ke7 70. Rg8 Rf8 1/2-1/2

[Event "Qatar Masters Open 2024"]
[Site "Doha QAT"]
[Date "2024.12.12"]
[Round "9.29"]
[White "Nigmatov, Ortik"]
[Black "Jani, Kushal R"]
[Result "1-0"]
[WhiteTitle "IM"]
[WhiteElo "2447"]
[BlackElo "2326"]
[WhiteFideId "14202131"]
[BlackFideId "25679988"]
[EventDate "2024.12.03"]

1. e4 e5 2. Nf3 Nc6 3. Bb5 a6 4. Ba4 Nf6 5. O-O d6 6. Re1 Bd7 7. Bxc6 Bxc6 8. d4
Be7 9. Nc3 exd4 10. Nxd4 Bd7 11. h3 O-O 12. Qf3 h6 13. Bf4 Re8 14. Rad1 Qc8 15.
a4 Bf8 16. Bxh6 c5 17. Nde2 Bc6 18. Ng3 Nd7 19. Bg5 Ne5 20. Qe2 Qe6 21. Nd5 Bxa4
22. Nc7 Qg6 23. Bf4 Rac8 24. Nxe8 Rxe8 25. b3 Bd7 26. Qd2 Bc6 27. Kh2 Re6 28. f3
Qh7 29. Nf5 g6 30. Ne3 Bd7 31. Nd5 Bg7 32. Nc7 Re7 33. Bxe5 Bxe5+ 34. f4 Bd4 35.
c3 Bg7 36. Qxd6 Qh4 37. Nd5 Bxh3 38. Qxe7 f6 39. Nxf6+ Bxf6 40. Rd8# 1-0

[Event "Qatar Masters Open 2024"]
[Site "Doha QAT"]
[Date "2024.12.12"]
[Round "9.30"]
[White "Jain, Kashish Manoj"]
[Black "Suyarov, Mukhammadzokhid"]
[Result "1/2-1/2"]
[WhiteTitle "FM"]
[BlackTitle "IM"]
[WhiteElo "2308"]
[BlackElo "2466"]
[WhiteFideId "35081098"]
[BlackFideId "14210495"]
[EventDate "2024.12.03"]

1. Nf3 Nf6 2. c4 e6 3. g3 d5 4. d4 Be7 5. Bg2 O-O 6. O-O dxc4 7. Qc2 a6 8. a4
Bd7 9. Qxc4 Bc6 10. Bg5 Nbd7 11. Nc3 h6 12. Bxf6 Nxf6 13. b4 Bd5 14. Nxd5 exd5
15. Qb3 c6 16. e3 Bd6 17. b5 axb5 18. axb5 Qb6 19. Rab1 c5 20. dxc5 Bxc5 21.
Rfd1 Ra3 22. Qc2 Rfa8 23. Nd4 Ra2 24. Qc3 R8a3 25. Nb3 Bf8 26. Bxd5 Qxb5 27. Qc4
Qxc4 28. Bxc4 b5 29. Bxb5 Ne4 30. Nc1 Nxf2 31. Nxa2 Nxd1 32. Rxd1 Rxa2 33. Rd7
Bc5 34. Rxf7 Bxe3+ 35. Kh1 Rxh2+ 1/2-1/2

[Event "Qatar Masters Open 2024"]
[Site "Doha QAT"]
[Date "2024.12.12"]
[Round "9.31"]
[White "Prraneeth, Vuppala"]
[Black "Vantika, Agrawal"]
[Result "0-1"]
[WhiteTitle "GM"]
[BlackTitle "IM"]
[WhiteElo "2461"]
[BlackElo "2392"]
[WhiteFideId "46622373"]
[BlackFideId "25050389"]
[EventDate "2024.12.03"]

1. e4 e6 2. d4 d5 3. exd5 exd5 4. Nf3 Bd6 5. Bd3 Ne7 6. O-O Nbc6 7. c3 Bf5 8.
Bxf5 Nxf5 9. Qb3 b6 10. Re1+ Nce7 11. Kh1 c6 12. a4 O-O 13. Qc2 Qd7 14. g4 Nh6
15. Bxh6 gxh6 16. Rg1 Kh8 17. Qc1 Qe6 18. Qf1 Ng6 19. Nbd2 Rae8 20. Qh3 Nf4 21.
Qh4 Qg6 22. Rae1 Nd3 23. Re3 f6 24. Rxd3 Qxd3 25. Qxh6 Re2 26. Rg2 Qg6 27. Qh3
Bf4 28. Nh4 Qc2 29. Ndf3 Qe4 30. Ng1 Re1 31. f3 Qb1 32. Nf5 Qd1 33. Qh4 Rf1 34.
g5 fxg5 35. Qg4 Qd3 36. Ne7 Qe3 37. Qd7 Qxf3 38. Nf5 Rxg1+ 39. Kxg1 Be3+ 40.
Nxe3 Qxe3+ 0-1

[Event "Qatar Masters Open 2024"]
[Site "Doha QAT"]
[Date "2024.12.12"]
[Round "9.32"]
[White "Vaz, Ethan"]
[Black "Swayams, Mishra"]
[Result "1/2-1/2"]
[WhiteTitle "IM"]
[BlackTitle "GM"]
[WhiteElo "2378"]
[BlackElo "2456"]
[WhiteFideId "25940783"]
[BlackFideId "5028183"]
[EventDate "2024.12.03"]

1. e4 e5 2. Nf3 Nc6 3. Bc4 Nf6 4. d3 Be7 5. O-O O-O 6. Re1 d6 7. a4 Be6 8. Nbd2
a5 9. c3 Qd7 10. Bxe6 Qxe6 11. Nc4 Rad8 12. Bg5 h6 13. Bxf6 Bxf6 14. Ne3 Ne7 15.
h3 Rfe8 16. b4 d5 17. Qc2 dxe4 18. dxe4 Ra8 19. Red1 c6 20. Qb2 Reb8 21. bxa5
Ng6 22. Nf5 Be7 23. Nxe7+ Qxe7 24. Qb4 Qc7 25. Qb6 Rc8 26. Rab1 Rxa5 27. Qxb7
Qxb7 28. Rxb7 Rxa4 29. Rdd7 Rf8 30. g3 Rxe4 31. h4 Rc4 1/2-1/2

[Event "Qatar Masters Open 2024"]
[Site "Doha QAT"]
[Date "2024.12.12"]
[Round "9.33"]
[White "Nurgaliyev, Sauat"]
[Black "Pham Tran Gia Phuc"]
[Result "0-1"]
[WhiteTitle "IM"]
[BlackTitle "IM"]
[WhiteElo "2374"]
[BlackElo "2445"]
[WhiteFideId "13726285"]
[BlackFideId "12415669"]
[EventDate "2024.12.03"]

1. e4 c5 2. Nf3 Nf6 3. Nc3 d5 4. exd5 Nxd5 5. Bb5+ Bd7 6. Ne5 Bxb5 7. Qf3 f6 8.
Nxb5 Na6 9. Nc4 Qd7 10. O-O Qxb5 11. Qxd5 Nb4 12. Qh5+ g6 13. Qe2 Qd7 14. d3 Bg7
15. Be3 Rc8 16. Rad1 b5 17. Na5 Nd5 18. c4 Nxe3 19. Qxe3 f5 20. Nb3 Bxb2 21. d4
bxc4 22. Nxc5 Qd6 23. Rfe1 O-O 24. Qe2 c3 25. Qc2 Qd5 26. h4 Rfe8 27. f4 Qc4 28.
g4 Red8 29. Ne6 Rd5 30. h5 Rc6 31. hxg6 hxg6 32. gxf5 Rxf5 33. d5 Rd6 34. Re5
Rxe6 35. dxe6 Qxf4 36. Rxf5 Qxf5 37. Qa4 Qc5+ 38. Kg2 c2 39. Qe8+ Kg7 40. Qf7+
Kh6 41. Qf8+ Kg5 42. Rd3 Be5 0-1

[Event "Qatar Masters Open 2024"]
[Site "Doha QAT"]
[Date "2024.12.12"]
[Round "9.34"]
[White "Zhu, Hengyi"]
[Black "Mamedov, Edgar"]
[Result "1/2-1/2"]
[BlackTitle "IM"]
[WhiteElo "2361"]
[BlackElo "2441"]
[WhiteFideId "8611211"]
[BlackFideId "13739980"]
[EventDate "2024.12.03"]

1. e4 c5 2. Nf3 Nc6 3. Bb5 e6 4. O-O Nge7 5. Re1 Nd4 6. Nxd4 cxd4 7. c3 a6 8.
Bf1 Nc6 9. b4 Bd6 10. Bb2 dxc3 11. dxc3 Qc7 12. h3 O-O 13. Nd2 Rd8 14. a4 Bh2+
15. Kh1 Bf4 16. Nb3 b6 17. b5 axb5 18. axb5 Rxa1 19. Qxa1 Ne5 20. c4 Bb7 21. Bd4
d6 22. Qc3 f6 23. Be3 Bxe3 24. Qxe3 Nd7 25. Rd1 Nc5 26. Nxc5 dxc5 27. Rxd8+ Qxd8
28. Bd3 Qd4 29. Qe2 e5 30. Kg1 g6 31. Qc2 Kg7 32. Kh2 Bc8 33. Bf1 Be6 34. Kg1 f5
35. Qa4 fxe4 36. Qa7+ Bf7 37. Qxb6 e3 38. fxe3 Qxe3+ 39. Kh2 Qf4+ 40. Kg1 Qd4+
41. Kh2 Qf4+ 42. Kg1 1/2-1/2

[Event "Qatar Masters Open 2024"]
[Site "Doha QAT"]
[Date "2024.12.12"]
[Round "9.35"]
[White "Tyurin, Artem"]
[Black "Sahib, Singh"]
[Result "1/2-1/2"]
[WhiteTitle "FM"]
[BlackTitle "FM"]
[WhiteElo "2356"]
[BlackElo "2438"]
[WhiteFideId "44130112"]
[BlackFideId "25618342"]
[EventDate "2024.12.03"]

1. c4 e5 2. Nc3 Nf6 3. Nf3 Nc6 4. e4 Bb4 5. d3 O-O 6. a3 Bxc3+ 7. bxc3 d6 8. g3
a6 9. Bg2 b5 10. cxb5 axb5 11. O-O Rb8 12. Re1 Re8 13. Qc2 Bb7 14. Rb1 Ba8 15.
Nh4 d5 16. Bg5 d4 17. Nf3 dxc3 18. Qxc3 Qd6 19. Bxf6 Qxf6 20. Qc5 Qd6 21. Rxb5
Rxb5 22. Qxb5 Qxa3 23. Qc4 Rd8 24. Bf1 h6 25. Rc1 Bb7 26. Qc5 Qxc5 27. Rxc5 Re8
28. Be2 Re7 29. Bd1 f6 30. Bb3+ Kh7 31. Bd5 Nd8 1/2-1/2

[Event "Qatar Masters Open 2024"]
[Site "Doha QAT"]
[Date "2024.12.12"]
[Round "9.36"]
[White "Gan-Erdene, Sugar"]
[Black "Bagwe, Gaurang"]
[Result "1/2-1/2"]
[WhiteTitle "IM"]
[BlackTitle "FM"]
[WhiteElo "2437"]
[BlackElo "2302"]
[WhiteFideId "4902980"]
[BlackFideId "45039895"]
[EventDate "2024.12.03"]

1. e4 e5 2. Nf3 Nc6 3. Bb5 a6 4. Ba4 Nf6 5. O-O Be7 6. d3 b5 7. Bb3 d6 8. c3 O-O
9. a4 Na5 10. Ba2 Bd7 11. b4 Nb7 12. d4 exd4 13. cxd4 c5 14. bxc5 dxc5 15. e5
Ne8 16. d5 Bg4 17. Nc3 c4 18. axb5 axb5 19. Nxb5 Ra5 20. Nc3 Bb4 21. Qd4 Bxf3
22. gxf3 Qa8 23. Qxc4 Bxc3 24. Qxc3 Rxa2 25. Ba3 Rxa3 26. Rxa3 Qd8 27. Qc6 Qe7
28. Re3 Nd8 29. Qc4 g6 30. Rc1 Ng7 31. Qf4 Qd7 32. Qe4 Re8 33. Rec3 Qe7 34. Rc8
Qg5+ 35. Kh1 Qd2 36. R8c2 Qg5 37. f4 Qh4 38. Qf3 Nf5 39. Rc4 Kg7 40. Rg1 Kh8 41.
Rgc1 Kg7 42. h3 Kg8 43. Kg1 Qe7 44. Qb3 Qh4 45. Ra1 Qh5 46. Qd3 Nh4 47. Rc3 Qh6
48. Qg3 Nf5 49. Qg4 Qf8 50. Qe2 f6 51. e6 Nb7 52. Rc7 Nbd6 53. Rd7 Qh6 54. Qg4
Rc8 55. Ra6 Ne8 56. Kh2 Qf8 57. e7 Qf7 58. Qe2 Kg7 59. Raa7 Rc5 60. Ra8 Nfd6 61.
Rxd6 Nxd6 62. Rd8 Ne8 63. d6 Qd5 64. Rxe8 Rc1 65. f3 Qd4 66. Rg8+ Kh6 67. Kg3
Rg1+ 68. Kh2 Rc1 69. Kg3 1/2-1/2

[Event "Qatar Masters Open 2024"]
[Site "Doha QAT"]
[Date "2024.12.12"]
[Round "9.37"]
[White "Manish Anto, Cristiano F"]
[Black "Tahbaz, Arash"]
[Result "1/2-1/2"]
[WhiteTitle "IM"]
[BlackTitle "IM"]
[WhiteElo "2296"]
[BlackElo "2432"]
[WhiteFideId "25095927"]
[BlackFideId "12528846"]
[EventDate "2024.12.03"]

1. e4 d5 2. exd5 Qxd5 3. Nc3 Qa5 4. d4 Nf6 5. Bc4 c6 6. Nf3 Bf5 7. Bd2 Nbd7 8.
Qe2 Qc7 9. O-O-O e6 10. Nh4 Bg6 11. Nxg6 hxg6 12. d5 cxd5 13. Nxd5 Nxd5 14. Bxd5
Be7 15. Bb3 Nc5 16. g3 Qc6 17. Bc3 Bf6 18. Bd5 Qb6 19. Bxf6 gxf6 20. Bc4 Ke7 21.
h4 Rad8 22. Qe3 a5 23. Be2 Qc7 24. f4 f5 25. Kb1 Ne4 26. Bd3 Qc5 27. Rhe1 Rd6
28. Qxc5 Nxc5 29. Kc1 Rhd8 30. Re3 Rd4 31. Kd2 b6 32. Ke1 R8d5 33. Ke2 Rd6 34.
c3 R4d5 35. b4 axb4 36. cxb4 Ne4 37. Rc1 Rd4 38. a3 Nf6 39. Rc4 R4d5 40. Rc3 Ng4
41. Rf3 e5 42. fxe5 Nxe5 43. Re3 Kf6 44. Bc2 Rd2+ 45. Ke1 Rh2 46. Re2 Rh1+ 47.
Kf2 Rc1 48. Kg2 Rdd1 49. Bxd1 Rxc3 50. a4 Rd3 51. Bc2 Rd4 52. a5 b5 53. h5 Rxb4
54. a6 Rd4 55. a7 Rd8 56. Bb3 Ra8 57. Ra2 Nc6 58. Ra6 Rxa7 59. Rxc6+ Kg5 60.
hxg6 fxg6 61. Rb6 Rd7 62. Rxb5 Rd2+ 63. Kf3 Rd3+ 64. Kf2 Rd6 65. Bd5 Ra6 66. Kf3
Ra3+ 67. Bb3 Ra6 68. Bf7 Ra3+ 69. Rb3 Ra7 70. Be8 Re7 71. Re3 Ra7 72. Re6 Rg7
73. Ke3 Rg8 74. Kf2 f4 75. Re5+ Kf6 76. gxf4 g5 77. Bd7 gxf4 78. Rf5+ Ke7 79.
Bb5 Kd6 80. Rxf4 Ke5 81. Rf7 Rb8 82. Bd3 Rh8 83. Be2 Rh3 84. Bf3 Kd4 85. Rd7+
Kc5 86. Ke3 Rg3 87. Kf4 Rh3 88. Be4 Rh4+ 89. Ke5 Rh5+ 90. Bf5 Rg5 91. Rc7+ Kb5
92. Rc1 Rh5 93. Ke4 Kb6 94. Be6 Rc5 95. Rd1 Rc2 96. Ke5 Kc5 97. Bf5 Rc3 98. Rd8
Rc4 99. Be4 Rc3 100. Bd3 Kb6 101. Kd4 Rc1 102. Rh8 Rd1 103. Rh6+ Kc7 104. Ke4
Rd2 105. Bc4 Rd6 106. Rh1 Rd2 107. Ke5 Kc6 108. Rc1 Kb6 109. Rc3 Rd7 110. Bd5
Rc7 111. Rh3 Kc5 112. Rh4 Re7+ 113. Be6 Rc7 114. Rh1 Rc6 115. Bd5 Rc7 116. Rh8
Re7+ 117. Be6 Rc7 118. Rh1 Rc6 119. Rd1 Rc7 120. Rd8 Rh7 121. Rc8+ Kb4 122. Bd5
Rh2 123. Rc4+ Kb5 124. Rc1 Rd2 125. Kd6 Kb4 126. Rc4+ Kb5 127. Rc3 Rb2 128. Rc8
Kb4 129. Ke5 Re2+ 130. Be4 Rd2 131. Rc1 1/2-1/2

[Event "Qatar Masters Open 2024"]
[Site "Doha QAT"]
[Date "2024.12.12"]
[Round "9.38"]
[White "Vivaan Vishal Shah"]
[Black "Klukin, Kirill"]
[Result "1-0"]
[WhiteTitle "CM"]
[BlackTitle "IM"]
[WhiteElo "2296"]
[BlackElo "2413"]
[WhiteFideId "25184237"]
[BlackFideId "24199273"]
[EventDate "2024.12.03"]

1. e4 c5 2. Nf3 Nc6 3. d4 cxd4 4. Nxd4 g6 5. c4 Nf6 6. Nc3 d6 7. Be2 Nxd4 8.
Qxd4 Bg7 9. Be3 O-O 10. Qd3 a5 11. O-O a4 12. Bd4 Qa5 13. Rab1 Be6 14. f4 Rfc8
15. b3 axb3 16. axb3 Bd7 17. Qe3 Bc6 18. e5 Ne8 19. b4 Qa3 20. b5 Bd7 21. Nd5
Qxe3+ 22. Bxe3 Rd8 23. Nxe7+ Kf8 24. Nd5 Be6 25. Nb6 Rab8 26. exd6 Nxd6 27. Rbd1
Kg8 28. g4 Bf8 29. c5 Ne4 30. Rxd8 Rxd8 31. f5 Bb3 32. Rc1 Re8 33. Bf3 Bg7 34.
c6 bxc6 35. bxc6 gxf5 36. Bxe4 fxe4 37. c7 Be6 38. c8=Q Bxc8 39. Rxc8 Rxc8 40.
Nxc8 Bf8 41. Kg2 Kg7 42. Kg3 Kg6 43. Bf4 f5 44. Bd6 Bxd6+ 45. Nxd6 fxg4 46. Kxg4 1-0

[Event "Qatar Masters Open 2024"]
[Site "Doha QAT"]
[Date "2024.12.12"]
[Round "9.39"]
[White "Rakhmatullaev, Almas"]
[Black "Nayak, Rajesh"]
[Result "1/2-1/2"]
[WhiteTitle "IM"]
[BlackTitle "CM"]
[WhiteElo "2410"]
[BlackElo "2292"]
[WhiteFideId "14205793"]
[BlackFideId "35017152"]
[EventDate "2024.12.03"]

1. e4 c5 2. Nf3 Nc6 3. Bb5 g6 4. O-O Bg7 5. c3 Nf6 6. Re1 O-O 7. d4 d5 8. e5 Ne4
9. Bxc6 bxc6 10. Be3 cxd4 11. cxd4 Rb8 12. Qc1 Bf5 13. Nc3 Qd7 14. Nd2 f6 15.
exf6 exf6 16. Nb3 g5 17. f3 Nd6 18. Nc5 Qf7 19. b3 h5 20. Bf2 Rfe8 21. Bg3 Rxe1+
22. Qxe1 Re8 23. Qd2 Bf8 24. h4 gxh4 25. Bxh4 Bc8 26. Bg3 Nf5 27. Bf4 Qg6 28.
Kf2 h4 29. b4 Ng3 30. Re1 Rxe1 31. Kxe1 Nh5 32. Be3 Bd6 33. a4 Bg3+ 34. Kd1 Qf5
35. b5 cxb5 36. axb5 Bf4 37. Qa2 Be6 38. Bf2 h3 39. gxh3 Bf7 40. h4 Qh3 41. Qe2
Qh1+ 42. Kc2 Ng3 43. Bxg3 Bxg3 44. Nd7 Kg7 45. Nc5 Qe1 46. Nd3 Qxe2+ 47. Nxe2
Bxh4 48. Nb4 Be8 49. Nc3 Bf2 50. Kd3 Bg6+ 51. Ke2 Bxd4 52. Ncxd5 Bc5 53. Nd3 Bd6
54. Ke3 Be8 55. Nc3 Bc7 56. Nb4 Bb6+ 57. Kd3 Bg6+ 58. Ke2 Bd4 59. Ncd5 Bg1 60.
Nc6 Be8 61. Kd3 Bg6+ 62. Ke2 Bc5 63. Nf4 Bf5 64. Kd2 Kf7 65. Kc3 Bf2 66. Ne2 Bb6
67. Ned4 Bb1 68. Nb4 Kg6 69. Nd5 Ba2 70. Nxb6 axb6 71. Ne2 Bf7 72. Kb4 Kf5 73.
Nc3 Kf4 74. Na4 Kxf3 75. Nxb6 Be8 76. Nd5 Bxb5 77. Nxf6 1/2-1/2

[Event "Qatar Masters Open 2024"]
[Site "Doha QAT"]
[Date "2024.12.12"]
[Round "9.40"]
[White "Shturman, Arseniy"]
[Black "Ahmad, Khagan"]
[Result "0-1"]
[WhiteTitle "FM"]
[BlackTitle "IM"]
[WhiteElo "2350"]
[BlackElo "2403"]
[WhiteFideId "34275797"]
[BlackFideId "13431552"]
[EventDate "2024.12.03"]

1. e4 c5 2. Nf3 d6 3. d4 cxd4 4. Nxd4 Nf6 5. Nc3 a6 6. Bg5 e6 7. f4 h6 8. Bh4
Nbd7 9. Qe2 e5 10. fxe5 Nxe5 11. Bxf6 Qxf6 12. Nd5 Qd8 13. Nf3 Be6 14. O-O-O Qa5
15. Nxe5 dxe5 16. Qh5 O-O-O 17. Qxe5 Bd6 18. Ne7+ Bxe7 19. Qxa5 Bg5+ 20. Rd2
Rxd2 21. Qc3+ Kb8 22. Qxd2 Rd8 23. Qxg5 hxg5 24. a3 Kc7 25. Be2 Rh8 26. Kd2 Kd6
27. Ke3 Ke5 28. h3 Rh4 29. g4 Rh8 30. Bf3 Rc8 31. Rh2 Rh8 32. Rh1 a5 33. Rh2 Rh4
34. Bg2 Bxg4 35. Rh1 Be6 36. Rd1 Rh8 37. c3 b6 38. Rd4 Bxh3 39. Rd5+ Kf6 40. e5+
Ke7 41. Bxh3 Rxh3+ 42. Ke4 Rh4+ 43. Kf3 Ke6 44. Rb5 a4 45. Rxb6+ Kxe5 46. Rb5+
Kf6 47. Rb4 Rxb4 48. axb4 Ke5 49. Kg4 f6 50. b5 Kd5 51. c4+ Kc5 52. Kf5 g6+ 53.
Ke6 g4 54. b6 Kc6 55. b7 Kxb7 56. Kd7 g3 57. c5 g2 58. c6+ Kb6 0-1